| 000 | 01039nam a2200217 4500 | ||
|---|---|---|---|
| 001 | 9604 | ||
| 090 | _a9604 | ||
| 099 | _tLIVR | ||
| 100 | _a20260401d u||y0frey5050 ba | ||
| 101 |
_afre _aara |
||
| 102 | _aLY | ||
| 200 |
_aRivages 2005 ضفاف _bLIVR _e Premier Festival d'Art Contemporain de Tripoli _e اللقاء الأول للفن المعاصر بطرابلس _e [Exposition à l'Atelier Loay Burwais, Libye, du 8 au 12 mai 2005] _fMarie-Elisabeth Mathieu _fLoay Burwais _gInstitut Culturel Français de Tripoli |
||
| 210 |
_aTripoli _cInstitut Culturel Français de Tripoli _d2005 |
||
| 215 |
_an.p. _ccouv.coul. _d20 x 20 |
||
| 606 |
_aArt au Maghreb _xArt en Libye _xArts Plastiques en Libye _xBeaux Arts en Libye _yTripoli _926610 |
||
| 606 |
_aArtistes des deux rives _xArtistes libyens _xArtistes européens _926614 |
||
| 701 |
_4Co-fondateur _aMathieu _bMarie-Elisabeth _926611 |
||
| 701 |
_4Co-fondateur _aBurwais _bLoay _926612 |
||
| 702 |
_4080 _aEl Hadji _bKarim _926613 |
||
| 801 |
_aTN _b32BIS _c20260401 _gUNIMARC |
||
| 830 | _aABA | ||